| 000 | 03111cam a22004694a 4500 | ||
|---|---|---|---|
| 001 | 16311543 | ||
| 003 | OSt | ||
| 005 | 20150408114021.0 | ||
| 008 | 100629s2011 enka b 001 0 eng | ||
| 010 | _a 2010027212 | ||
| 016 | 7 |
_a101534492 _2DNLM |
|
| 020 | _a9781405180719 | ||
| 020 | _a1405180714 | ||
| 035 | _a(OCoLC)ocn645598363 | ||
| 040 |
_aDNLM/DLC _cDLC _dYDX _dNLM _dYDXCP _dCDX _dDLC |
||
| 042 | _apcc | ||
| 050 | 0 | 0 |
_aRC964 _b.O253 2011 |
| 060 | 0 | 0 | _a2011 C-616 |
| 060 | 1 | 0 | _aWA 400 |
| 082 | 0 | 0 |
_a616.9803 _222 |
| 245 | 0 | 0 |
_aOccupational emergency medicine / _cedited by Michael I. Greenberg ; associate editor, James M. Madsen. |
| 260 |
_aOxford ; _aHoboken, NJ : _bWiley-Blackwell, _c2011. |
||
| 300 |
_avii, 280 p. : _bill. (some col.) ; _c25 cm. |
||
| 504 | _aIncludes bibliographical references and index. | ||
| 505 | 0 | _aPotentially lethal occupational exposures / Christina Price and Dennis P. Price -- Occupational dermatology : issues for the emergency department / David Vearrier -- Occupational infections / Amy J. Behrman -- Occupational toxicology / John Curtis and David A. Haggerty -- Work-related trauma and injury / Mark Saks and Brad Rahaman -- Occupationally based disaster medicine / James M. Madsen -- Work-related ocular injuries / Joseph L. D'Orazio -- Occupational illness and injury in law enforcement personnel / Richard Tovar -- Occupational illness and injury in firefighters / Richard Tovar -- Occupational illness and injury in prehospital care personnel / Derek Isenberg and Carin Van Gelder -- Occupational pulmonary disease / Michael G. Holland -- Health hazards and emergency care for health care workers / Amy J. Behrman -- Occupational concerns for truckers and drivers / Natalie P. Hartenbaum -- Arts medicine : an overview for emergency physicians / Robert T. Sataloff and Mary J. Hawkshaw -- Occupational hearing loss : an overview for emergency physicians / Robert T. Sataloff, Mary J. Hawkshaw, and Joseph Sataloff -- Voice disorders : an overview for emergency physicians / Robert T. Sataloff and Mary J. Hawkshaw -- Unusual problems in occupational emergency medicine / Edward A. Ramoska and Guneesh Saluja. | |
| 650 | 0 |
_aOccupational diseases. _914087 |
|
| 650 | 0 | _aMedical emergencies. | |
| 650 | 0 |
_aIndustrial toxicology. _914088 |
|
| 650 | 0 |
_aToxicological emergencies. _914089 |
|
| 650 | 1 | 2 | _aEmergencies. |
| 650 | 1 | 2 |
_aOccupational Diseases _xtherapy. _914090 |
| 650 | 2 | 2 |
_aAccidents, Occupational. _913849 |
| 650 | 2 | 2 |
_aEmergency Service, Hospital. _914091 |
| 650 | 2 | 2 |
_aOccupational Exposure _xadverse effects. _914092 |
| 700 | 1 |
_aGreenberg, Michael I. _914093 |
|
| 700 | 1 |
_aMadsen, James M. _914094 |
|
| 856 | 4 | 2 |
_3Contributor biographical information _uhttp://catdir.loc.gov/catdir/enhancements/fy1013/2010027212-b.html |
| 856 | 4 | 2 |
_3Publisher description _uhttp://catdir.loc.gov/catdir/enhancements/fy1013/2010027212-d.html |
| 856 | 4 | 1 |
_3Table of contents only _uhttp://catdir.loc.gov/catdir/enhancements/fy1013/2010027212-t.html |
| 942 |
_2ddc _cBOOK |
||
| 999 |
_c22087 _d256587 |
||